000 00854nam a2200265Ia 4500
003 OSt
005 20220928113722.0
006 a|||||r|||| 00| 0
007 ta
008 220927b |||||||| |||| 00| 0 eng d
020 _c1450
024 _a107369
037 _b543, 01/02/2010, Pioneer Book Distributors
_cTextual
040 _aSDCL
_cSDCL
_beng
041 _2eng
_aeng
082 _aX:51, P9
100 _aSheth Jagdish N Ed.
_9415047
245 0 _aDoes marketing need reform?
_b Fresh perspectives on the future.
260 _aNew Delhi
_bReference Press
_c2009
300 _avii,352p
_ccm.
650 _aBuisness Economics
700 _a Sisodia Rajendra S Ed.
_9415048
942 _hX:51, P9
_cTEXL
_2CC
999 _c750982
_d750982